Godzilla (Record no. 129672)
[ view plain ]
| 000 -LEADER | |
|---|---|
| fixed length control field | 03230cgm a2200697Ia 4500 |
| 001 - CONTROL NUMBER | |
| control field | ocn887193174 |
| 003 - CONTROL NUMBER IDENTIFIER | |
| control field | OCoLC |
| 005 - DATE AND TIME OF LATEST TRANSACTION | |
| control field | 20241220141858.0 |
| 007 - PHYSICAL DESCRIPTION FIXED FIELD--GENERAL INFORMATION | |
| fixed length control field | vd cvaizq |
| 008 - FIXED-LENGTH DATA ELEMENTS--GENERAL INFORMATION | |
| fixed length control field | 140814s2014 cau123 vleng d |
| 040 ## - CATALOGING SOURCE | |
| Original cataloging agency | BDX |
| Transcribing agency | BDX |
| Modifying agency | DVACP |
| -- | MR0 |
| -- | RNL |
| -- | UINTA |
| 020 ## - INTERNATIONAL STANDARD BOOK NUMBER | |
| International Standard Book Number | 9780109568120 |
| 020 ## - INTERNATIONAL STANDARD BOOK NUMBER | |
| International Standard Book Number | 0109568125 |
| 024 1# - OTHER STANDARD IDENTIFIER | |
| Standard number or code | 883929388462 |
| 024 1# - OTHER STANDARD IDENTIFIER | |
| Standard number or code | 883929390533 |
| 035 ## - SYSTEM CONTROL NUMBER | |
| System control number | (OCoLC)887193174 |
| 050 14 - LIBRARY OF CONGRESS CALL NUMBER | |
| Classification number | PN1997.2 |
| Item number | .G63 2014 |
| 082 04 - DEWEY DECIMAL CLASSIFICATION NUMBER | |
| Classification number | 791.43/72 |
| Edition number | 23 |
| 049 ## - LOCAL HOLDINGS (OCLC) | |
| Holding library | UCLB |
| 092 ## - LOCALLY ASSIGNED DEWEY CALL NUMBER (OCLC) | |
| Classification number | 791.437 |
| 245 00 - TITLE STATEMENT | |
| Title | Godzilla |
| Medium | [videorecording] / |
| Statement of responsibility, etc | Warner Bros. Pictures and Legendary Pictures present ; screenplay by Max Borenstein ; directed by Gareth Edwards. |
| 260 ## - PUBLICATION, DISTRIBUTION, ETC. (IMPRINT) | |
| Place of publication, distribution, etc | [Los Angeles, Calif.] : |
| Name of publisher, distributor, etc | Warner Home Video |
| Date of publication, distribution, etc | 2014. |
| 300 ## - PHYSICAL DESCRIPTION | |
| Extent | 2 videodiscs (123 min.) : |
| Other physical details | sd., col. ; |
| Dimensions | 4 3/4 in. |
| 538 ## - SYSTEM DETAILS NOTE | |
| System details note | DVD ; widescreen presentation ; Dolby digital 5.1 surround. |
| 546 ## - LANGUAGE NOTE | |
| Language note | In English, dubbed French or dubbed Spanish, with optional subtitles in English, French or Spanish. |
| 546 ## - LANGUAGE NOTE | |
| Language note | Closed-captioned. |
| 511 1# - PARTICIPANT OR PERFORMER NOTE | |
| Participant or performer note | Aaron Taylor-Johnson, Ken Watanabe, Elizabeth Olsen, Juliette Binoche, Sally Hawkins, David Strathairn, Bryan Cranston. |
| 508 ## - CREATION/PRODUCTION CREDITS NOTE | |
| Creation/production credits note | Music, Alexandre Desplat ; editor, Bob Ducsay ; director of photography, Seamus McGarvey. |
| 500 ## - GENERAL NOTE | |
| General note | Based on the charater Godzilla owned and created by Toho Co., Ltd. |
| 500 ## - GENERAL NOTE | |
| General note | DVD release of the 2014 motion picture. |
| 521 8# - TARGET AUDIENCE NOTE | |
| Target audience note | MPAA rating: PG-13; for intense sequences of destruction, mayhem and creature violence. |
| 520 ## - SUMMARY, ETC. | |
| Summary, etc | From visionary new director Gareth Edwards comes a powerful story of human courage and reconciliation in the face of titanic forces of nature, when the awe-inspiring Godzilla rises to restore balance as humanity stands defenseless. |
| 500 ## - GENERAL NOTE | |
| General note | Special features: Operation: Lucky dragon ; Monarch: the M.U.T.O. file ; The Godzilla revelation ; Godzilla: Force of nature ; and more. |
| 650 #0 - SUBJECT ADDED ENTRY--TOPICAL TERM | |
| Topical term or geographic name as entry element | Godzilla (Fictitious character) |
| Form subdivision | Drama. |
| 9 (RLIN) | 5728589 |
| 650 #0 - SUBJECT ADDED ENTRY--TOPICAL TERM | |
| Topical term or geographic name as entry element | Atomic bomb |
| General subdivision | Testing |
| -- | Environmental aspects |
| Form subdivision | Drama. |
| 9 (RLIN) | 6489683 |
| 655 #7 - INDEX TERM--GENRE/FORM | |
| Genre/form data or focus term | Action and adventure films. |
| Source of term | lcgft |
| 9 (RLIN) | 6279253 |
| 655 #7 - INDEX TERM--GENRE/FORM | |
| Genre/form data or focus term | Science fiction films. |
| Source of term | lcgft |
| 9 (RLIN) | 6279254 |
| 655 #7 - INDEX TERM--GENRE/FORM | |
| Genre/form data or focus term | Thrillers (Motion pictures) |
| Source of term | lcgft |
| 9 (RLIN) | 6279255 |
| 655 #7 - INDEX TERM--GENRE/FORM | |
| Genre/form data or focus term | Feature films. |
| Source of term | lcgft |
| 9 (RLIN) | 6279256 |
| 655 #7 - INDEX TERM--GENRE/FORM | |
| Genre/form data or focus term | Fiction films. |
| Source of term | lcgft |
| 9 (RLIN) | 6279257 |
| 655 #7 - INDEX TERM--GENRE/FORM | |
| Genre/form data or focus term | Film adaptations. |
| Source of term | lcgft |
| 9 (RLIN) | 6279258 |
| 655 #7 - INDEX TERM--GENRE/FORM | |
| Genre/form data or focus term | Video recordings for the hearing impaired. |
| Source of term | lcgft |
| 9 (RLIN) | 6279259 |
| 700 1# - ADDED ENTRY--PERSONAL NAME | |
| Personal name | Edwards, Gareth, |
| Dates associated with a name | 1975- |
| 9 (RLIN) | 5941713 |
| 700 1# - ADDED ENTRY--PERSONAL NAME | |
| Personal name | Borenstein, Max. |
| 9 (RLIN) | 5889703 |
| 700 1# - ADDED ENTRY--PERSONAL NAME | |
| Personal name | Johnson, Aaron, |
| Dates associated with a name | 1990- |
| 9 (RLIN) | 5812795 |
| 700 1# - ADDED ENTRY--PERSONAL NAME | |
| Personal name | Watanabe, Ken, |
| Dates associated with a name | 1959- |
| 9 (RLIN) | 70574 |
| 700 1# - ADDED ENTRY--PERSONAL NAME | |
| Personal name | Olsen, Elizabeth, |
| Dates associated with a name | 1989- |
| 9 (RLIN) | 5919289 |
| 700 1# - ADDED ENTRY--PERSONAL NAME | |
| Personal name | Binoche, Juliette, |
| Dates associated with a name | 1964- |
| 9 (RLIN) | 62223 |
| 700 1# - ADDED ENTRY--PERSONAL NAME | |
| Personal name | Hawkins, Sally. |
| 9 (RLIN) | 78017 |
| 700 1# - ADDED ENTRY--PERSONAL NAME | |
| Personal name | Strathairn, David. |
| 9 (RLIN) | 60291 |
| 700 1# - ADDED ENTRY--PERSONAL NAME | |
| Personal name | Cranston, Bryan, |
| Dates associated with a name | 1956- |
| 9 (RLIN) | 78002 |
| 710 2# - ADDED ENTRY--CORPORATE NAME | |
| Corporate name or jurisdiction name as entry element | Warner Home Video (Firm) |
| 9 (RLIN) | 61103 |
| 710 2# - ADDED ENTRY--CORPORATE NAME | |
| Corporate name or jurisdiction name as entry element | Warner Bros. Pictures (1969- ) |
| 9 (RLIN) | 68691 |
| 710 2# - ADDED ENTRY--CORPORATE NAME | |
| Corporate name or jurisdiction name as entry element | Legendary Pictures. |
| 9 (RLIN) | 74356 |
| 710 2# - ADDED ENTRY--CORPORATE NAME | |
| Corporate name or jurisdiction name as entry element | Tōhō Kabushiki Kaisha. |
| 9 (RLIN) | 15828 |
| 730 0# - ADDED ENTRY--UNIFORM TITLE | |
| Uniform title | Godzilla (Motion picture : 2014) |
| 9 (RLIN) | 5889711 |
| 938 ## - | |
| -- | Brodart |
| -- | BROD |
| -- | 109568125 |
| 942 ## - ADDED ENTRY ELEMENTS (KOHA) | |
| Koha item type | DVD |
| 994 ## - | |
| -- | C0 |
| -- | UINTA |
| 998 ## - LOCAL CONTROL INFORMATION (RLIN) | |
| -- | a205565 |
| Withdrawn status | Lost status | Source of classification or shelving scheme | Materials specified (bound volume or other part) | Damaged status | Not for loan | Collection code | Home library | Current library | Shelving location | Date acquired | Source of acquisition | Total Checkouts | Total Renewals | Full call number | Barcode | Date last seen | Date checked out | Cost, replacement price | Price effective from | Koha item type |
|---|---|---|---|---|---|---|---|---|---|---|---|---|---|---|---|---|---|---|---|---|
| Dewey Decimal Classification | 2 discs | Movies | Wasatch County Library | Wasatch County Library | Audio Visual Area | 03/24/2021 | Donation | 12 | 9 | DVD God | 34301001712316 | 02/24/2026 | 02/04/2026 | 10.00 | 03/24/2021 | DVD |
